Countries of the Americas (No Map) - Statistics

General Stats
  • This quiz has been taken 27 times
    12 since last reset
  • The average score is 30 of 35
Answer Stats
Answer % Correct
Canada
100%
Mexico
100%
United States of America
100%
Argentina
90%
Bahamas
90%
Brazil
90%
Chile
90%
Colombia
90%
Costa Rica
90%
Cuba
90%
Dominica
90%
Ecuador
90%
Guatemala
90%
Guyana
90%
Haiti
90%
Jamaica
90%
Nicaragua
90%
Paraguay
90%
Suriname
90%
Trinidad and Tobago
90%
Uruguay
90%
Venezuela
90%
Antigua and Barbuda
80%
Barbados
80%
Belize
80%
Bolivia
80%
Dominican Republic
80%
El Salvador
80%
Honduras
80%
Panama
80%
Peru
80%
St. Lucia
80%
Grenada
70%
St. Kitts and Nevis
70%
St. Vincent and Grenadines
70%
No matching quizzes found
Score Distribution
Percent of People with Each Score
Percentile by Number Answered
Your Score History
You have not taken this quiz since the last reset